|
|
|
|
| LEADER |
01000nam a22002772a 4500 |
| 001 |
000230243 |
| 003 |
CZ BrMZK |
| 005 |
20081119121005.0 |
| 007 |
ta |
| 008 |
950101s1982 xr ae f cze d |
| 040 |
|
|
|a ABA001
|b cze
|d ABA001
|d BOA001
|
| 080 |
9 |
|
|a 628.2
|
| 100 |
1 |
|
|a Mičín, Jan,
|d 1951-2008
|7 mzk2003188999
|4 aut
|
| 245 |
1 |
0 |
|a Stokování a čištění odpadních vod :
|b návody do cvičení.
|n 1.,
|p Stokování /
|c Jan Mičín
|
| 246 |
3 |
0 |
|a Stokování
|
| 250 |
|
|
|a 1. vyd.
|
| 260 |
|
|
|a Praha ;
|a Brno :
|b VUT,
|c 1982
|e (Uherské Hradiště :
|f MTZ 33)
|
| 300 |
|
|
|a 111 s. :
|b il., pl. ;
|c 20 cm
|
| 500 |
|
|
|a 250 výt.
|
| 504 |
|
|
|a Obsahuje bibliografii
|
| 655 |
|
7 |
|a učebnice vysokých škol
|7 fd133772
|2 czenas
|
| 910 |
|
|
|a BOA001
|b 4-0853.626,1
|
| 964 |
|
|
|a Odpadní voda - čištění - praktika - vysoké školy
|
| 964 |
|
|
|a Stokování - praktika - vysoké školy
|
| 990 |
|
|
|a BK
|
| 996 |
7 |
|
|b 2619894543
|c 4-0853.626,1
|l MZK
|r Sklad / do 1 hodiny
|n 10
|w 000230243
|u 000010
|a 1
|e BOA001
|j MZK50
|s A
|